LIBRARY & INFORMATION CENTRE, KCAET, TAVANUR

ONLINE PUBLIC ACCESS CATALOGUE (OPAC)

Country Life / (Record no. 2065)

MARC details
000 -LEADER
fixed length control field 00277cam a2200121ua 4500
082 ## - DEWEY DECIMAL CLASSIFICATION NUMBER
Classification number 307.72
Item number RIC/CO
100 ## - MAIN ENTRY--AUTHOR NAME
Personal name Richards, Norah .
245 ## - TITLE STATEMENT
Title Country Life /
250 ## - EDITION STATEMENT
Edition statement 1 /
260 ## - PUBLICATION, DISTRIBUTION, ETC. (IMPRINT)
Place of publication Ludhiyana :
Name of publisher Lyall book depot ,
Year of publication 1970.
300 ## - PHYSICAL DESCRIPTION
Number of Pages 112 ; .
942 ## - ADDED ENTRY ELEMENTS (KOHA)
Koha item type Books
Holdings
Withdrawn status Lost status Damaged status Home library Current library Date acquired Full call number Accession Number Koha item type
      KAUAET KAUAET 07/04/2012 307.72 13266 Books
free website counter